000 00375nam a2200133Ia 4500
008 151001s9999||||xx |||||||||||||| ||und||
100 _aअविनाश भट्ट
245 _aविक्रम आणि वेताळ
250 _a1
260 _bपुष्प प्रकाशन पुणे
260 _c2002
300 _a32
365 _b24
999 _c980496
_d980493